|
|
|
|
| LEADER |
00000cam a2200000 7i4500 |
| 001 |
0000009148 |
| 002 |
000009963 |
| 005 |
20000330.0 |
| 020 |
|
|
|a 0861636864
|
| 090 |
0 |
0 |
|a JF
|b BLY
|
| 100 |
1 |
|
|a Blyton, Enid
|
| 245 |
1 |
0 |
|a Five run away together
|c Enid Blyton ; illustrated by Jolyne Knox
|
| 260 |
|
|
|a London :
|b Award Publications ,
|c 1979
|
| 300 |
|
|
|a 188p. :
|b ill. ;
|c 17cm.
|
| 650 |
0 |
0 |
|a Children's stories
|
| 700 |
1 |
|
|a Knox, Jolyne ,
|e illustrated
|
| 999 |
|
|
|a 041211
|b BUKU
|c PINJAMAN
|e PERPUSTAKAAN KOMUNITI PETALING JAYA
|
| 999 |
|
|
|a 041213
|b BUKU
|c PINJAMAN
|e PERPUSTAKAAN KOMUNITI PETALING JAYA
|
| 999 |
|
|
|a 056975
|b BUKU
|c PINJAMAN
|e PERPUSTAKAAN KOMUNITI PETALING JAYA
|
| 999 |
|
|
|a 056976
|b BUKU
|c PINJAMAN
|e PERPUSTAKAAN KOMUNITI PETALING JAYA
|
| 999 |
|
|
|a 056977
|b BUKU
|c JUNIOR FICTION
|e PERPUSTAKAAN KOMUNITI PETALING JAYA
|